000 00426nam a2200181Ia 4500
005 20240823062806.0
008 240823s9999||||xx |||||||||||||| ||und||
041 _aENGLISH
082 _A574.5222 N4
100 _a"Banerji,Samir K"
245 0 _aEnvironmental Chemistry
250 _a1st
260 _c1994
_b"PHI,New Delhi"
500 _aTRANSFERED
650 _aChemistry
_bChemistry
942 _cBK
999 _c236719
_d236719